|
|
|
|
| LEADER |
00000nas a2200000 a 4500 |
| 001 |
ssj0012685 |
| 003 |
WaSeSS |
| 005 |
20200512172242.0 |
| 006 |
m d |
| 007 |
cr n |
| 008 |
930520c19939999vtubr pss 0 0eng c |
| 010 |
|
|
|a 2009263452
|
| 022 |
|
|
|y 1066-999X
|
| 035 |
|
|
|a (WaSeSS)ssj0012685
|
| 037 |
|
|
|b Russian Life, PO Box 567, Montpelier, VT 05601
|
| 040 |
|
|
|a AZU
|b eng
|c AZU
|d OCLCQ
|d AUD
|d TXA
|d OCLCQ
|d COO
|d OCLCO
|d OCLCF
|d OCLCO
|d OCLCQ
|d OCLCO
|d DYJ
|d WT2
|d OCLCA
|d OCLCQ
|d WYU
|d VT2
|d OCLCQ
|d UUM
|d WaSeSS
|
| 042 |
|
|
|a pcc
|
| 043 |
|
|
|a e-ru---
|
| 050 |
1 |
4 |
|a DK1
|b .U67
|
| 082 |
1 |
0 |
|a 914
|2 12
|
| 130 |
0 |
|
|a Russian life (Washington, D.C. : Online)
|
| 245 |
1 |
0 |
|a Russian life
|h [electronic resource].
|
| 246 |
1 |
4 |
|a Russian life monthly
|
| 246 |
1 |
3 |
|a Russian life magazine
|
| 260 |
|
|
|a [Washington, DC] :
|b [Rich Frontier Pub. Co.]
|
| 310 |
|
|
|a Bimonthly,
|b June/July 1998-
|
| 321 |
|
|
|a Monthly,
|b <July 1995>-May 1998
|
| 362 |
1 |
|
|a Print began with vol. 36, no. 1 (1993).
|
| 500 |
|
|
|a Imprint varies: published: Washington, D.C. : Rich Frontier Pub. Co., spring 1993-1994; Montpelier, Vt. : Russian Information Services, 1995-
|
| 506 |
|
|
|a License restrictions may limit access.
|
| 515 |
|
|
|a Vols. 36-<37> each complete in four issues.
|
| 515 |
|
|
|a Some issues combined.
|
| 525 |
|
|
|a Has occasional inserts.
|
| 588 |
0 |
|
|a Vol. 38, no. 1 (July 1995); title from PDF cover (Journal website, viewed Sept. 11, 2009).
|
| 588 |
1 |
|
|a Vol. 52, no. 5 (Sept./Oct. 2009).
|
| 650 |
|
7 |
|a Russian & Soviet Studies.
|2 ebps
|
| 650 |
|
7 |
|a Russian History.
|2 ebps
|
| 650 |
|
7 |
|a Manners and customs.
|2 fast
|0 (OCoLC)fst01007815
|
| 650 |
|
7 |
|a Politics and government.
|2 fast
|0 (OCoLC)fst01919741
|
| 651 |
|
0 |
|a Russia (Federation)
|v Periodicals.
|
| 651 |
|
0 |
|a Russia (Federation)
|x Social life and customs
|v Periodicals.
|
| 651 |
|
0 |
|a Russia (Federation)
|x Politics and government
|v Periodicals.
|
| 651 |
|
6 |
|a Russie
|v Périodiques.
|
| 651 |
|
7 |
|a Russia (Federation)
|2 fast
|0 (OCoLC)fst01262050
|
| 655 |
|
0 |
|a Electronic journals.
|
| 776 |
0 |
8 |
|i Print version:
|t Russian life (Washington, D.C.)
|x 1066-999X
|w (DLC) 93640232
|w (OCoLC)28135590
|
| 780 |
0 |
0 |
|t Soviet life
|
| 780 |
0 |
5 |
|t Russian travel monthly
|
| 856 |
4 |
0 |
|z Full text available from Research Library: 07/01/1995 to present
|u https://search.proquest.com/publication/6189
|